000 00726pam a2200265 a 4500
999 _c5141
_d5141
001 5141
003 BD-JhCC
005 20171209173633.0
008 870805s1988 nyua b 001 0 eng
020 _a0393956350
035 _a(BD-JhCC)
040 _aDLC
_cDLC
_dDLC
041 _aeng
050 0 0 _aHB172
_b.M36 1988
082 0 0 _a338.5
_219
_bMAN 1988
100 1 _aMansfield, Edwin.
245 1 0 _aMicroeconomics :
_btheory, applications /
_cEdwin Mansfield.
250 _a6th ed.
260 _aNew York :
_bNorton,
_cc1988.
300 _axvi, 599, 72 p. :
_bill. (some col.) ;
_c24 cm.
504 _aIncludes bibliographical references and index.
650 0 _aMicroeconomics.
942 _2ddc
_cBK